海外PRの手引き

Uloženo v:
Podrobná bibliografie
Korporativní autor: ジェトロ海外事業部
Médium: Kniha
Jazyk:Undetermined
Vydáno: 東京 日本経済新聞社 1971
Témata:
Tagy: Přidat tag
Žádné tagy, Buďte první, kdo otaguje tento záznam!
Thư viện lưu trữ: Trung tâm Học liệu Trường Đại học Cần Thơ
LEADER 00507nam a2200181Ia 4500
001 CTU_89577
008 210402s9999 xx 000 0 und d
082 |a 337 
082 |b J58 
110 |a ジェトロ海外事業部 
245 0 |a 海外PRの手引き 
245 0 |c ジェトロ海外事業部 
260 |a 東京 
260 |b 日本経済新聞社 
260 |c 1971 
650 |a International economic relations 
904 |i Ngoc 
980 |a Trung tâm Học liệu Trường Đại học Cần Thơ